Statistics for One Name Footballers

Click here to take the quiz!

General Stats

  • This quiz has been taken 220 times
    (143 since last reset)
  • The average score is 6 of 30

Answer Stats

Full NameKnown As% Correct
Edson Arantes do NascimentoPelé
78%
Ronaldo de Assis MoreiraRonaldinho
73%
Xavier Hernández CreusXavi
69%
Ricardo Izecson dos Santos LeiteKaká
50%
João Alves de Assis Silva
32%
Marcos Evangelista de MoraisCafu
26%
Kepler Laveran de Lima FerreiraPepe
25%
Robson de SouzaRobinho
25%
João Miranda de Souza FilhoMiranda
23%
Nélson de Jesus SilvaDida
21%
Gervais Yao KouassiGervinho
21%
Fernando Luiz RozaFernandinho
20%
Jorge Luiz Frello FilhoJorginho
20%
Fábio Henrique TavaresFabinho
19%
Luís Carlos Almeida da CunhaNani
17%
Givanildo Vieira de SousaHulk
14%
Francisco Román Alarcón SuárezIsco
14%
Anderson Luís de SouzaDeco
13%
Osvaldo Giroldo JúniorJuninho
13%
Marcos Aoás CorrêaMarquinhos
13%
Sylvio Mendes Campos JúniorSylvinho
12%
Juan Francisco Torres BelénJuanfran
9%
José Ignacio Fernández IglesiasNacho
8%
José Paulo Bezerra Maciel JúniorPaulinho
7%
Ahmed Hossam Hussein AbdelhamidMido
6%
José Ángel Esmorís TasendeAngeliño
5%
Nuno Ricardo de Oliveira RibeiroManiche
5%
Doniéber Alexander MarangonDoni
3%
José Miguel González ReyJosemi
3%
Predrag RadosavljevićPreki
2%

Score Distribution

Percentile by Number Answered

Percent of People with Each Score

Your Score History

You have not taken this quiz since the last reset